000 00551nam a2200193Ia 4500
003 LDD
008 181029s9999 xx 000 0 und d
020 _a415955114
_c550.00
040 _cLDD
100 _aKirshner, Jonathan
245 0 _aGlobalization and national security
_cJonathan Kirshner
260 _aNew York
_bRoutledge
_c2006
300 _aiv, 361p.
365 _b550.00
901 _a4266
_b12-02-2008
902 _aI-1138
_b26-02-2008
_cF
_dAAKAR
_e32
903 _aDiscount-15
_bReqst by : D. Gopal
942 _2ddc
_cBK
999 _c81129
_d81129